00872cam a22002297a 4500003000500000005001700005008004100022010000900063011000900072035000900081040000900090100002800099245020500127260004000332300002200372502010000394650004300494650003200537650002100569650002200590700003000612CHAP20220329133246.0971013s1991 r 00010 d a4025 a4997 a4202 cCHAP00aAldana Barajas, Rebeca.10aFenología de brotes anuales de Pinus hartwegii Lindl. y Pinus montezumae Lamb. y su relación con los factores ambientales físicos, en la Estación Forestal Experimentación Zoquiapan, México aChapingo, Méx. :bEl Autor,c1991 a80 h.b: apénd. aTesis (Ing. Forestal con Orientación Silvicultura) -- UACH. División de Ciencias Forestales14aPináceasxEfecto del medio ambiente.14aPináceasxMéxico (Edo.)14aPinus hartwegii.14aPinus montezumae.0 aAureoles Conejo, Silvano.